Responses for Show #522 - Tuesday, December 9, 1986

Contestants

[<< previous game]

Esther Walling, a junior high school teacher originally from Redding, California

Steven Goldstein, a sales manager from Rancho Palos Verdes, California

Bill Ryan, a national sales representative from Pittsburgh, Pennsylvania (whose 1-day cash winnings total $7,400)

[next game >>]

Jeopardy! Round responses

MEDICAL HISTORY
THE GREAT LAKES
FISHY NAMES
ADVERTISING
WEDDINGS
"RICH"
    $100 4
cocaine

Bill
    $100 9
Canada

Bill
    $100 12
Pike

Steven
    $100 13
(Bill: It never rains, but it pours<span class="nobreak">--what is it never rains, but it pours?)

when it rains, it pours</em>

BillEsther
    $100 18
white

Esther
    $100 1
Lionel Richie

Esther
    $200 5
a hypodermic

Steven
    $200 27
Lake Superior

Esther
    $200 23
(Alex: [After the next clue selection] With less than a minute to go.)

the Kingfish

Steven
    $200 14
(Bill: What is Turnie?)
(Esther: What is Miss [*]?)

Clairol

BillEsther
    $200 19
an officer

Bill
    $200 2
(Bill: What is the rich get richer?)
(Alex: Yes--hold it, sorry, wrong.)
(Steven: What is the rich get richer?)
(Alex: No, that's what he said.)

the rich get rich

BillSteven
Triple Stumper
    $300 6
citrus

Bill
    $300 28
Lake Erie

Bill
    $300 24
pollock

Bill
    $300 15
Goodrich

Steven
    $300 20
(Bill: Who is the bride?)

the rabbi

BillSteven
    $300 3
Lifestyles of the Rich and Famous

Steven
    $400 7
a mummy

Esther
    $400 29
[The end-of-round signal sounds.]

Lake Michigan & Huron

Triple Stumper
    $400 25
Metro Goldfish Mayer

Triple Stumper
    $400 16
(Bill: Who are Allstate?)
(Esther: Who is State Farm?)
...
(Alex: [*], I'm glad I met ya.)

Aetna

BillEsther
Triple Stumper
    $400 21
Prince Charles & Princess Diana

Steven
    $400 10
(Bill: What is "You're A [*]"?)

"Rich Girl"

Bill
    $500 8
syphilis

Steven
    $500 26
Salmon Chase

Steven
    $500 17
(Esther: What is United?)

National

StevenEsther
    $500 22
bird seed

Triple Stumper
    $500 11
one can never be too rich or too thin

Triple Stumper

Scores at the first commercial break (after clue 12):

Bill Steven Esther
$700 $900 $500

Scores at the end of the Jeopardy! Round:

Bill Steven Esther
$500 $3,100 $200

Double Jeopardy! Round responses

20th CENTURY
LAST LINES
FOOTBALL
MASTERPIECE THEATRE
NEW TESTAMENT
"POOR"
    $200 11
the Nazi Party

Bill
    $200 6
the Lions

Bill
    $200 25
The Six Wives of Henry VIII

Bill
    $200 16
the salt of the earth

Bill
    $200 1
(Esther: What is "Poor Pitiful Me"?)
(Alex: Right.)

"Poor Poor Pitiful Me"

Esther
    $400 12
Christmas tree lights

Esther
    $400 26
(Bill: [*]. What is [*]?)
...
[The end-of-round signal sounds.]

before I sleep

Bill
    $400 7
the 20-yard line

Bill
    $400 24
(Steven: Who is Barabbas?)

Pilate

BillSteven
    $400 2
iron poor blood

Bill
    $600 13
the Pentagon Papers

Steven
    $1,000 19
(Bill: What is "I Love You"?)

"She Loves You"

Bill
    $600 8
Y.A. Tittle

Bill
    $600 23
his ear

Bill
    $600 3
(Alex: The actual quote is, "an ill-favored thing, sir, but mine own.")

a poor thing but my own

Triple Stumper
    $800 14
(Bill: Who is the, uh, Duke of Windsor and Wallace Simpson?)
(Steven: Who is Queen Elizabeth and...)

Queen Elizabeth & Prince Philip

BillStevenEsther
    $800 18
Marty

Triple Stumper
    $800 9
(Bill: What are the names for a football?)

college bowl games no longer being played

Bill
Triple Stumper
    $800 22
dead

Triple Stumper
    $800 4
the Standard & Poor's

Steven
    $1000 15
(Steven: Who is is the empress of Japan?)

Margaret Sanger

Steven
Triple Stumper
    $1000 17
(Bill: What is "Yankee Doodle Dandy"?)

"Columbia, The Gem Of The Ocean"

Bill
Triple Stumper
    $1000 10
George Allen

Steven
    $1000 21
Lord Mountbatten

Triple Stumper
    $1000 20
(Bill: Who is St. Thomas?)
...
(Alex: We've got less than a minute to go.)
(Esther: Who is St. Peter?)
...
(Alex: St. Peter was crucified.)

John

BillEsther
Triple Stumper
    $1,000 5
"The Poor People Of Paris"

Steven

Scores at the end of the Double Jeopardy! Round:

Bill Steven Esther
-$500 $4,300 $600
(lock game)

[wagering suggestions for these scores]

Final Jeopardy! Round responses

U.S. CITIES
EstherWhat are New York and Bost Philadelphia?
$590
StevenWhat are New York City & Philadelphia?
$700
New York & Philadelphia

Final scores:

Bill Steven Esther
-$500 $5,000 $1,190
3rd place: Tappan electric range with microwave on top New champion: $5,000 2nd place: trip on Eastern to St. Thomas & stay at the Frenchman's Reef Resort

Game dynamics:

Coryat scores:

Bill Steven Esther
$500 $4,300 $600
17 R,
10 W
(including 1 DD)
14 R
(including 1 DD),
4 W
9 R,
3 W

Combined Coryat: $5,400

[game clues] [game scores] [suggest correction]

Game tape date: 1986-09-17
The J! Archive is created by fans, for fans. Scraping, republication, monetization, and malicious use prohibited; this site may use cookies and collect identifying information. See terms. The Jeopardy! game show and all elements thereof, including but not limited to copyright and trademark thereto, are the property of Jeopardy Productions, Inc. and are protected under law. This website is not affiliated with, sponsored by, or operated by Jeopardy Productions, Inc. Join the discussion at JBoard.tv.